000 00833nam a22002531u 4500
001 07272
003 HDC
007 cr bn ---aaaaa
008 210127p9999 o d 00 engg
040 _aHDC
110 _aHalal Industry Research Centre
245 0 _aIslamic Finance & Halal Food Industry
260 _a[No Place] :
_b[publisher not identified],
_c[no year]
300 _a8 pages :
_billustrations
336 _atext
_2rdacontent
337 _acomputer
_2rdamedia
338 _aonline resource
_2rdacarrier
650 _aHalal industry
_9144
650 _aislamic finance
_9181
856 _zRequest full-text at [email protected]
942 _2lcc
942 _cSLIDE
942 _kSLID 000255
999 _c4596
_d4596